00817nam a2200241 4500003000900000005001700009007000300026008004100029020001800070040002800088082001600116100002800132245010200160246003800262250001200300300004300312336002700355337003300382338002800415650007500443700002300518700003400541CO-ViMGA20240522191315.0ta240522b |||||||| |||| 00| 0 eng d a9789585918740 aCO-ViMGAbspacCO-ViMGA04a363.34bA751 aGonzález, Francisco 10aArmero : 30 años después /c [Francisco González, Juan David Correa, Germán Santamaría] aArmero : treinta años después a1a. ed. a111 p. :b fot. (algunas col.) ; 22 cm 2rdacontentatextobtxt 2rdamediaasin mediaciónbn 2rdacarrieravolumenbnc14aDesastres naturalesvHistoriaxRelatos personaleszArmero (Tol.)2LEMB1 aCorrea, Juan David1 aSantamaría, Germán, 1950-